00000000nam##2200000za#4500
0019.693747
003CaOODSP
00520210624233815
007cr |||||||||||
008150407|2000||||xxc|||||o    f|0| 0 eng|d
040 |aCaOODSP|beng
043 |an-cn---
0861 |aCi63-14/2000E-PDF
1101 |aCanada. |bCitizenship and Immigration Canada.
24510|aCanadian language benchmarks 2000 : |h[electronic resource]|bEnglish as a second language -- for adults / |cby Grazyna PawlIkowska-Smith.
260 |aOttawa - Ontario : |bCitizenship and Immigration Canada |c[2000].
300 |a194p.|billus.
500 |a"The CLB document is primarily addressed to TESL (Teaching English as a Second Language) professionals at educational institutions in Canada: ESL instructors, program planners, curriculum/syllabus and language assessment designers and developers, and program administrators."--Page xiii.
5203 |aThe CLB document is primarily addressed to TESL (Teaching English as a Second Language) professionals at educational institutions in Canada: ESL instructors, program planners, curriculum/syllabus and language assessment designers and developers, and program administrators.--Page xiii
590 |a10-08-Supp|b2010-10-06
69007|aEnglish second language|2gcpds
69007|aContinuing education|2gcpds
7201 |aPawlkowska-Smith, Grazyna
7760#|tCanadian language benchmarks 2000 : |w(CaOODSP)9.647880
85640|ahttp://publications.gc.ca|qPDF|s779 KB|uhttps://publications.gc.ca/collections/collection_2010/cic/Ci63-14-2000-eng.pdf